| 000 | 00943cab a2200277 4500 | ||
|---|---|---|---|
| 001 | WB3112-54 | ||
| 008 | 090401t1995 xxu||||| |||| 00| 0 eng d | ||
| 035 | _a(Sirsi) u36005 | ||
| 041 | _aeng | ||
| 245 | _aLandfill tax | ||
| 260 | _c1995 | ||
| 350 | _a0 | ||
| 490 |
_aFinancial Times _v22 March 1995, 11 |
||
| 490 |
_aDoE News Release _v(138) 21 March 1995, (4) |
||
| 520 | _aGovernment plans to tax landfill waste sites and set up environmental trusts to repair the damage from old landfills have met with opposition from waste management companies and environmentalists who believe the levy may be counter-productive. | ||
| 650 | _aENVIRONMENTAL PERFORMANCE | ||
| 650 | _aENVIRONMENTAL TRUSTS | ||
| 650 | _aLANDFILL SITES | ||
| 650 | _aLANDFILL TAX | ||
| 650 | _aWASTE INDUSTRY | ||
| 650 | _aWASTE MANAGEMENT | ||
| 690 | _aENVIRONMENTAL AND LAND CONSULTANCY | ||
| 690 | _aTAXATION | ||
| 942 | _n0 | ||
| 948 | _c04/03/1997 | ||
| 999 |
_c23522 _d23522 |
||